000 005920000a22001810004500
003 MACL
005 20160320163133.0
008 160320b xxu||||| |||| 00| 0 eng d
040 _aMACL
_cMACL
041 _aHindi
082 _a004
100 _aशर्मा पवित्र कुमार
_947914
245 _aकम्‍प्‍यूटर : एक क्रमिक विकास
260 _bहैरिटेेज पब्लिशिंग
_c2008
_aनई दिल्‍ली
350 _a150
650 _aComputer Science
_916
942 _cHIN
_k004/SHA
_2ddc
999 _c41307
_d41307